MARC

LEADER 00000nam0a2200000 4500
001 333165
005 20231102004528.0
020 |a RU 
035 |a (RuTPU)RU\TPU\book\359160 
035 |a RU\TPU\book\359157 
090 |a 333165 
100 |a 20170607d1978 k y0rusy5003 ca 
101 0 |a rus 
102 |a RU 
105 |a a z 001zy 
200 1 |a Геология и нефтегазоносность Средней Азии  |e [сборник трудов]  |f Всесоюзный научно-исследовательский геологоразведочный нефтяной институт (ВНИГНИ) ; под ред. Н. И. Кошелева, Л. Н. Смирнова 
210 |a Москва  |c Изд-во ВНИГНИ  |d 1978 
215 |a 131с.  |c ил. 
225 1 |a Труды Всесоюзного научно-исследовательского геологоразведочного нефтяного института (ВНИГНИ)  |v Вып. 209 
320 |a Библиография в конце статей 
606 1 |a Геология  |y СССР  |2 stltpush  |3 (RuTPU)RU\TPU\subj\6121  |9 34079 
606 1 |a Нефтегазоносность  |2 stltpush  |3 (RuTPU)RU\TPU\subj\45590  |9 64783 
610 1 |a земная кора 
610 1 |a фундаменты 
610 1 |a палеогеографические условия 
610 1 |a отложения 
610 1 |a ловушки 
610 1 |a нефть 
610 1 |a Средняя Азия 
610 1 |a газ 
610 1 |a поисково-разведочные работы 
675 |a 55(47+57)  |v 3 
675 |a 553.98  |v 3 
702 1 |a Кошелев  |b Н. И.  |4 340 
702 1 |a Смирнов  |b Л. Н.  |4 340 
712 0 2 |a Всесоюзный научно-исследовательский геологоразведочный нефтяной институт (ВНИГНИ)  |2 stltpush  |3 (RuTPU)RU\TPU\col\18350 
801 0 |a RU  |b 63413507  |c 19950704  |g psbo 
801 1 |a RU  |b 63413507  |c 20150925 
801 2 |a RU  |b 63413507  |c 20200819  |g RCR 
942 |c BK